| 000 | 01213nam a2200229Ia 4500 | ||
|---|---|---|---|
| 001 | L235-7268 | ||
| 003 | IT-CnALBA | ||
| 008 | 170116s9999||||xx |||||||||||||| ||und|| | ||
| 040 |
_aIT-CnALBA _cIT-CnALBA |
||
| 041 | _aITALIANO | ||
| 100 | _aROSCHINI P. GABRIELE, OSM. | ||
| 245 | 0 | _aLA MADONNA SECONDO LA FEDE E LA TEOLOGIA. VOL. III. I SINGOLARI PRIVILEGI DI MARIA SS. | |
| 250 | _a1a ed. | ||
| 260 |
_a ROMA _bFERRARI FRANCESCO LIBR. ED. REL. _c1953 [1° Ed.:1953 - Ed.Ling.Originale: 1953] |
||
| 300 | _a304 p. | ||
| 500 | _aPRIVILEGI CONCESSI A MARIA NEL PRIMO ISTANTE DELLA ESISTENZA. IMMACOLATA CONCEZIONE. PIENEZZA DI GRAZIA. PRIVILEGI NEL CORSO DELLA VITA. PRIVILEGI AL TERMINE DELLA VITA. MORTE DELLA MADONNA. GLORIA CELESTE DI MARIA. ASSUNTA. | ||
| 501 | _aSocietà San Paolo EM - Piazza San Paolo, 14 - 12051 ALBA (CN) (non commercial uses only) ® Copyright 2017 | ||
| 520 | _aPRIVILEGI CONCESSI A MARIA NEL PRIMO ISTANTE DELLA ESISTENZA. IMMACOLATA CONCEZIONE. PIENEZZA DI GRAZIA. PRIVILEGI NEL CORSO DELLA VITA. PRIVILEGI AL TERMINE DELLA VITA. MORTE DELLA MADONNA. GLORIA CELESTE DI MARIA. ASSUNTA. | ||
| 650 | _aMARIA SS. ANGELI SANTI DEMONI | ||
| 942 | _cBK | ||
| 957 | _71 | ||
| 999 |
_a8244 _bNO _g Copie: 1 _c266450 _d266450 |
||